Keizai bunseki no tame no dēta kaisetsu /
Saved in:
| Corporate Authors: | , |
|---|---|
| Format: | Book |
| Language: | Japanese |
| Published: |
Tōkyō :
Nihon Keizai Shinbunsha,
Shōwa 58 [1983]
|
| Edition: | Kaitei 3-han. |
| Subjects: | |
| Tags: |
Add Tag
No Tags, Be the first to tag this record!
|
| LEADER | 01294nam a2200325 a 4500 | ||
|---|---|---|---|
| 001 | 007765538-9 | ||
| 005 | 20024617115255.0 | ||
| 008 | 840201s1983 ja a 001 0 jpn | ||
| 010 | |a 84113031 /AJ/r90 | ||
| 020 | |a 453207178X : |c Y9000 | ||
| 035 | 0 | |a ocm11212596 | |
| 040 | |a DLC |c DLC |d OCoLC |d *YNH* |d CStRLIN | ||
| 043 | |a a-ja--- | ||
| 050 | 0 | 0 | |a HC462.9 |b .K3869 1983 |
| 245 | 0 | 0 | |6 880-01 |a Keizai bunseki no tame no dēta kaisetsu / |c Nihon Keizai Shinbunsha, Nihon Keizai Dēta Kaihatsu Sentā hen. |
| 250 | |6 880-02 |a Kaitei 3-han. | ||
| 260 | |6 880-03 |a Tōkyō : |b Nihon Keizai Shinbunsha, |c Shōwa 58 [1983] | ||
| 300 | |a v, 603, 8 p. : |b ill. ; |c 22 cm. | ||
| 500 | |a Includes index. | ||
| 651 | 0 | |a Japan |x Economic conditions |y 1945-1989 |x Information services. | |
| 650 | 0 | |a Economic surveys |z Japan. | |
| 710 | 2 | |6 880-04 |a Nihon Keizai Shinbunsha. | |
| 710 | 2 | |6 880-05 |a Nihon Keizai Dēta Kaihatsu Sentā. | |
| 880 | 0 | 0 | |6 245-01 |a 経済分析のためのデータ解說 / |c 日本経済新聞社, 日本経済データ開発センター編. |
| 880 | |6 250-02 |a 改訂3版. | ||
| 880 | |6 260-03 |a 東京 : |b 日本経済新聞社, |c 昭和58 [1983] | ||
| 880 | 2 | |6 710-04 |a 日本経済新聞社. | |
| 880 | 2 | |6 710-05 |a 日本経済データ開発センター. | |
| 988 | |a 20021127 | ||
| 906 | |0 DLC | ||


